<The> Baltics competitiveness on the eve of EU accession

Gespeichert in:
Bibliographische Detailangaben
1. Verfasser: Burgess, Robert
Weitere Verfasser: Walsh, Mark, Xiao, Yuan
Format: Buch
Sprache:Englisch
Veröffentlicht: Washington, D.C. IMF 2004
Schlagworte:
Tags: Tag hinzufügen
Keine Tags, Fügen Sie das erste Tag hinzu!

MARC

LEADER 00000nam$a2200000$$$4500
001 0019248
005 20240315115127.5
020 |a 1-58906-326-0 
041 0 |a eng 
044 |a US 
245 1 0 |a <The> Baltics  |b competitiveness on the eve of EU accession  |c Robert Burgess, Stefania Fabrizio, Yuan Xiao 
264 1 |a Washington, D.C.  |b IMF  |c 2004 
300 |a 69 s. 
610 2 0 |a Litva 
610 2 0 |a Lotyšsko 
610 2 0 |a Estónsko 
610 2 0 |a Európska únia 
610 2 0 |a kurz devízový 
610 2 0 |a rozvoj hospodársky 
610 2 0 |a produktivita práce 
610 2 0 |a produktivita 
610 2 0 |a situácia hospodárska 
100 1 |a Burgess, Robert 
700 1 |a Walsh, Mark 
700 1 |a Xiao, Yuan